000 00889nas a2200265 4500
001 BR9602230
003 BR-BrBNA
005 20231205095735.0
007 ta
008 230509b bl.|||p| |||| 00| 00por d
040 _aBR-BrBNA
_bpor
_cBiblioteca Nacional de Agricultura
041 _a(Pt)
072 _aH10
100 1 _aBaptista, G.C. de
100 1 _aParra, J.R.P.
100 1 _aHaddad, M.L.
245 1 _aToxicidade comparativa de lambda-cyalothrin a lagarta-da-soja, Anticarsia gemmatalis Hueb., 1818 (Lepidoptera, Noctuidae)e ao percevejo verde, Nezara viridula (L., 1758)(Hemiptera, Pentatomidae)
650 _aLagarta
650 _aPercevejo
650 _aInseticida
650 _aToxidez
773 0 _tScientia Agricola (Brazil)
_xISSN 0103-9016
_g(Jan-Apr 1995), v. 52(1) p. 183-188
_wBR9602230
909 _a202311
_bLúcia
_c55
_dLúcia Elande
942 _2AGRIS
_n0
_cANA
999 _c152450
_d152450